Select the members of the Danish Royal Family - Statistics

General Stats
  • This quiz has been taken 15 times
  • The average score is 13 of 15
Answer Stats
Question Tile Select % Correct
Members of the Danish Royal Family No
100%
Members of the Danish Royal Family No
100%
Members of the Danish Royal Family No
100%
Members of the Danish Royal Family No
92%
Members of the Danish Royal Family No
92%
Members of the Danish Royal Family No
92%
Members of the Danish Royal Family Yes
85%
Members of the Danish Royal Family Yes
85%
Members of the Danish Royal Family Yes
85%
Members of the Danish Royal Family Yes
85%
Members of the Danish Royal Family No
85%
Members of the Danish Royal Family No
85%
Members of the Danish Royal Family No
85%
Members of the Danish Royal Family Yes
77%
Members of the Danish Royal Family Yes
69%
No matching quizzes found
Score Distribution
Percent of People with Each Score
Percentile by Number Answered
Your Score History
You have not taken this quiz